| 000 | 01159cam a2200361 a 4500 | ||
|---|---|---|---|
| 001 | 8349 | ||
| 003 | FISKH | ||
| 005 | 20250910083603.0 | ||
| 008 | 951024s1997 maua j 000 1 eng | ||
| 010 | _a 95043099 | ||
| 020 |
_a0395778492 _qhardcover |
||
| 020 |
_a9780395778494 _q(hardcover) |
||
| 040 |
_aDLC _cDLC _dDLC _beng |
||
| 050 | _aPZ8.E915 S | ||
| 082 | _a813.54 | ||
| 100 | 1 | _aEvans, Lezlie. | |
| 245 | 1 | 0 |
_aSnow dance / _cLezlie Evans ; illustrated by Cynthia Jabar. |
| 250 | _aFirst Scholastic printing, January 2000. | ||
| 260 |
_aNew York : _bScholastic, _c1997. |
||
| 300 |
_a30 unnumbered pages : _bcolor illustrations ; _c23 cm |
||
| 336 |
_atext _btxt _2rdacontent |
||
| 337 |
_aunmediated _bn _2rdamedia |
||
| 338 |
_avolume _bnc _2rdacarrier |
||
| 505 | _aNP | ||
| 520 | _aChildren eagerly wait for the snow to begin to fall, and when it does, they spend a day of fun playing in it. | ||
| 650 | 1 |
_aWinter _xFiction. |
|
| 650 | 1 |
_aSnow _xFiction. |
|
| 650 | 1 | _aStories in rhyme. | |
| 700 | 1 |
_aJabar, Cynthia, _eillustrator |
|
| 906 |
_a7 _bcbc _corignew _d1 _eocip _f19 _gy-gencatlg |
||
| 942 |
_2ddc _cBK _n0 |
||
| 999 |
_c8349 _d8349 |
||